书目信息 |
| 题名: |
"听透"VOA:"美国之音"标准英语听力·词汇一本通
|
|
| 作者: | 洪世松 , 李德俊 编 | |
| 分册: | ||
| 出版信息: | 上海 上海教育出版社 2004.11 |
|
| 页数: | 209页 | |
| 开本: | 25cm | |
| 丛书名: | ||
| 单 册: | ||
| 中图分类: | H319.9 , H319.9 | |
| 科图分类: | ||
| 主题词: | 英语, 美国--Ying Yu , Mei Guo--听说教学--自学参考资料 , 英语 | |
| 电子资源: | ||
| ISBN: | 7-5320-9793-5 | |
| 000 | 01196cam0 2200301 45 | |
| 001 | 12430 | |
| 005 | 20050607094925.59 | |
| 010 | @a7-5320-9793-5@dCNY 28.00 | |
| 092 | @aCN@b人天163-0944 | |
| 099 | @aCAL 012005004250 | |
| 100 | @a20050113d2004 ekmy0chiy0121 ea | |
| 101 | 0 | @achi |
| 102 | @aCN@b110000 | |
| 105 | @ay z 000yy | |
| 200 | 1 | @a"听透"VOA:"美国之音"标准英语听力·词汇一本通@A"ting tou"VOA:"mei guo zhi yin"biao zhun ying yu ting li·ci hui yi ben tong@f洪世松, 李德俊编著 |
| 210 | @a上海@c上海教育出版社@d2004.11 | |
| 215 | @a209页@d25cm@e光盘1片 | |
| 330 | @a本书从听懂美国之音标准英语的难点——核心词汇(主要指典型词组、惯用语和俚语)入手,采取正面突破的战术,旨在帮助读者从根本上破解VOA。全书按主题分为五大部分,精心截选了500多个供读者反复“精听”的典型段落,从中遴选常用词和词组近3000例,详加注解,提供多种练习,以利读者透彻掌握。 | |
| 606 | 0 | @a英语, 美国@AYing Yu , Mei Guo@x听说教学@j自学参考资料 |
| 606 | 0 | @a英语 |
| 690 | @aH319.9@v4 | |
| 690 | @aH319.9@v3 | |
| 701 | 0 | @a洪世松@AHong Shi Song@4编 |
| 701 | 0 | @a李德俊@ALi De Jun@4编 |
| 801 | 0 | @aCN@bSEU@c20050607 |
| 905 | @a10447@dH319.9@eH409 | |
| 906 | @dCNY28.00 (含光盘@n0@r1 | |
| 998 | @aSEU | |
| "听透"VOA:"美国之音"标准英语听力·词汇一本通/洪世松, 李德俊编著.-上海:上海教育出版社,2004.11 |
| 209页;25cm+光盘1片 |
| ISBN 7-5320-9793-5:CNY 28.00 |
| 本书从听懂美国之音标准英语的难点——核心词汇(主要指典型词组、惯用语和俚语)入手,采取正面突破的战术,旨在帮助读者从根本上破解VOA。全书按主题分为五大部分,精心截选了500多个供读者反复“精听”的典型段落,从中遴选常用词和词组近3000例,详加注解,提供多种练习,以利读者透彻掌握。 |
| ● |
| 相关链接 |
|
|
|
正题名:"听透"VOA:"美国之音"标准英语听力·词汇一
索取号:H319.9/H409
 
预约/预借
| 序号 | 登录号 | 条形码 | 馆藏地/架位号 | 状态 | 备注 |
| 1 | 531265 | 205312650 | 语言库209/209语言库 59排6列1层/ [索取号:H319.9/H409] | 在馆 | |
| 2 | 531266 | 205312669 | 语言库209/ [索取号:H319.9/H409] | 在馆 | |
| 3 | 531267 | 205312678 | 语言库209/209语言库 59排6列1层/ [索取号:H319.9/H409] | 在馆 | |
| 4 | 531268 | 205312687 | 语言库209/209语言库 59排6列1层/ [索取号:H319.9/H409] | 在馆 | |
| 5 | 531269 | 205312696 | 语言库209/209语言库 59排6列1层/ [索取号:H319.9/H409] | 在馆 |